Điện tử thông dụng : Tivi màu Samsung, bộ điều khiển từ xa TV màu; sử dụng Anten TV; mạch logic trong TV; Radio Caset Video; điện. t.II /
Spremljeno u:
| Glavni autor: | |
|---|---|
| Daljnji autori: | |
| Format: | Sách giấy |
| Jezik: | Vietnamese |
| Izdano: |
H. :
Đại học và giáo dục chuyên nghiệp,
1968.
|
| Oznake: |
Dodaj oznaku
Bez oznaka, Budi prvi tko označuje ovaj zapis!
|
| Thư viện lưu trữ: | Thư viện Trường Đại học Đà Lạt |
|---|
| LEADER | 00803nam a2200277 4500 | ||
|---|---|---|---|
| 001 | DLU140160468 | ||
| 005 | ##20140303 | ||
| 040 | # | # | |a DLU |b vie |
| 041 | # | # | |a vie |
| 044 | # | # | |a vn |
| 082 | # | # | |a 621.381 |b TO-T |
| 100 | # | # | |a Tô Tấn. |
| 245 | # | # | |a Điện tử thông dụng : |b Tivi màu Samsung, bộ điều khiển từ xa TV màu; sử dụng Anten TV; mạch logic trong TV; Radio Caset Video; điện. |n t.II / |c Tô Tấn, Đậu Quang Lâm |
| 260 | # | # | |a H. : |b Đại học và giáo dục chuyên nghiệp, |c 1968. |
| 300 | # | # | |a 48 tr. ; |c 19 cm. |
| 700 | # | # | |a Đậu Quang Lâm |
| 923 | # | # | |a TL |
| 991 | # | # | |a SH |
| 994 | # | # | |a DLU |
| 900 | # | # | |a True |
| 911 | # | # | |a Nguyễn Thị Tưởng |
| 925 | # | # | |a G |
| 926 | # | # | |a A |
| 927 | # | # | |a SH |
| 980 | # | # | |a Thư viện Trường Đại học Đà Lạt |